Posledný kolár

Bibliographic Details
Main Author: Rindoš, Peter (Author, Photographer)
Format: Article
Language:Slovak
PhysicalDescription:Fotogr.
ISSN:1335-7573
Subjects:

MARC

LEADER 00000nab a2200000 ar4500
001 vtls008963273
003 SK-MaSNL
005 20260303070745.0
008 070412c20070206xo dr|n|||||||000 b|slo
015 |a SLLK2006  |2 sllk 
038 |a SLLK 
040 |a SLLK  |b slo  |c sllk  |e AACR2 
041 0 |a slo 
044 |a xo  |c SK 
080 |a 674.3  |2 1997 
080 |a 929 Smrek, Karol  |2 1997 
100 1 |a Rindoš, Peter  |4 pht  |4 aut  |9 668686 
245 1 0 |a Posledný kolár  |c Text a foto: Peter Rindoš 
300 |b Fotogr. 
600 1 7 |a Smrek, Karol  |2 snkbucl  |9 888750 
648 7 |a 2007  |2 snkbucl  |9 313226 
650 0 7 |a kolárstvo   |2 snkbucl  |9 51319 
651 7 |a Nová Ľubovňa (Slovensko)  |x rodáci  |2 snkbucl  |9 1028727 
651 7 |a Stará Ľubovňa (Slovensko)  |2 snkbucl  |9 19193 
773 0 |t Tatranský denník Korzár  |g Roč. IX, č. 30 (6. 2.2007)  |x 1335-7573 
773 0 |i Pril.  |t Tatry  |g s. 2 
852 |a SLLK  |b KIS3GCP 
958 |a BX 
999 |c 1756787  |d 1758717